<?xml version="1.0" encoding="UTF-8"?>
<marc:record xmlns:marc="http://www.loc.gov/MARC21/slim">
   <marc:leader>00000nam a2200000 a 4500</marc:leader>
   <marc:datafield ind1="1" ind2=" " tag="100">
      <marc:subfield code="a">Parvela, Timo</marc:subfield>
      <marc:subfield code="4">aut</marc:subfield>
      <marc:subfield code="e">Verfasser/-in</marc:subfield>
   </marc:datafield>
   <marc:datafield ind1="0" ind2="0" tag="245">
      <marc:subfield code="a">Pekkas geheime Aufzeichnungen[2]. Die Wunderelf</marc:subfield>
   </marc:datafield>
   <marc:datafield ind1=" " ind2="1" tag="264">
      <marc:subfield code="a">München</marc:subfield>
      <marc:subfield code="b">Hanser</marc:subfield>
   </marc:datafield>
   <marc:datafield ind1="1" ind2=" " tag="490">
      <marc:subfield code="a">Pekkas geheime Aufzeichnungen / Timo Parvela</marc:subfield>
   </marc:datafield>
   <marc:datafield ind1="1" ind2=" " tag="520">
      <marc:subfield code="a">Pekka ist ein toller Fußballer, aber es gibt natürlich noch tollere: Messi. Ronaldo. Oder Thomas Müller. Damit die mal in seiner Mannschaft spielen, schickt er ihnen eine Flaschenpost. Dann kommen die bestimmt. Und für den Notfall stehen ja noch Pekkas Freunde bereit: die aus seiner Klasse und ein paar, die er im Stadtpark kennengelernt hat, zum Beispiel ein hochtalentierter dreibeiniger Hund. Als der Notfall wider Erwarten eintritt, liegt Pekkas Truppe schnell 0:11 zurück. Doch plötzlich spielt einer bei ihnen mit, den unter seiner Kapuze niemand erkennt. Eher klein ist er, aber beim Fußball ein Riese  Das urkomische zweite Abenteuer von Pekka, dem Klassendödel aus der Ella-Serie. (Verlagstext)</marc:subfield>
   </marc:datafield>
   <marc:datafield ind1=" " ind2=" " tag="020">
      <marc:subfield code="a">9783446250864</marc:subfield>
      <marc:subfield code="9">9783446250864</marc:subfield>
   </marc:datafield>
   <marc:datafield ind1=" " ind2=" " tag="041">
      <marc:subfield code="a">ger</marc:subfield>
   </marc:datafield>
   <marc:datafield ind1=" " ind2=" " tag="300">
      <marc:subfield code="a">101 S. : Ill.</marc:subfield>
   </marc:datafield>
</marc:record>
